Normal view
MARC view
Entry Topical Term
001 - CONTROL NUMBER
- control field: 37298
003 - CONTROL NUMBER IDENTIFIER
- control field: OSt
005 - DATE AND TIME OF LATEST TRANSACTION
- control field: 20230405124949.0
008 - FIXED-LENGTH DATA ELEMENTS
- fixed length control field: 230405|| aca||aabn | a|a d
040 ## - CATALOGING SOURCE
- Original cataloging agency: OSt
- Transcribing agency: OSt
150 ## - HEADING--TOPICAL TERM
- Topical term or geographic name entry element: Socio-economic inequalities, Tobacco cessation, lysis of the global adult tobacco survey
670 ## - SOURCE DATA FOUND
- Source citation: Work cat.: (OSt)521589: Panda, R., Lahoti, S. and Prabhu, R.R. 37297, Examining socio-economic inequalities in tobacco cessation in India: An analysis of the global adult tobacco survey 2
